000 00986cam a22003137a 4500
003 CHAP
005 20220329140004.0
008 971013s1969 r 00010 d
010 _a45136
011 _a46108
035 _a50248
040 _cCHAP
082 _a636.213
_bR4Y 1963
100 0 0 _aReaves, Paul Marvin.
_994945
245 1 3 _aLa vaca lechera ; alimentación y crianza
260 _aMéxico, D. F. :
_bUTHEA,
_c1969
300 _a473 p.
_b: ilus.
500 _aTrad. de la 5 ed. en inglés de 1963
590 _aBATCH-UPD
_b10
_c20130110
_lUCH01
_h1729
590 _aBATCH-UPD
_b10
_c20130410
_lUCH01
_h1110
590 _aBATCH-UPD
_b10
_c20130914
_lUCH01
_h1516
590 _aCONVERSION
_b10
_c20130109
_lUCH01
_h1325
650 1 4 _aGanado lechero.
_945237
650 1 4 _aGanado lechero
_xAlimentación.
_945238
700 0 _aHenderson, Harry Oram.
_953534
901 _aBK
942 _cLIBRO
949 _a636.213 R4Y 1963
_bBC
_cLIBRO
_d33724000124186
_eLIBRO
_h11934
_i50248
_si
999 _c45136
_d45136